A geometrical plan and west elevation of His Majesty's Dock-yard near Plymouth (Record no. 116891)
[ view plain ]
| 000 -LEADER | |
|---|---|
| fixed length control field | 00900cem a22002055a 4500 |
| 001 - CONTROL NUMBER | |
| control field | L140486 |
| 008 - FIXED-LENGTH DATA ELEMENTS--GENERAL INFORMATION | |
| fixed length control field | 070925n xxk a 0 eng u |
| 035 ## - SYSTEM CONTROL NUMBER | |
| System control number | (Sirsi) u140486 |
| 041 0# - LANGUAGE CODE | |
| Language code of text/sound track or separate title | eng |
| 100 1# - MAIN ENTRY--PERSONAL NAME | |
| Personal name | Milton, Thomas |
| 245 02 - TITLE STATEMENT | |
| Title | A geometrical plan and west elevation of His Majesty's Dock-yard near Plymouth |
| Remainder of title | with the Ordnance Wharfe etc. |
| Medium | [cartographic material] |
| 255 ## - CARTOGRAPHIC MATHEMATICAL DATA | |
| Statement of scale | Scale 1:120 |
| 260 ## - PUBLICATION, DISTRIBUTION, ETC. | |
| Place of publication, distribution, etc. | S.l. |
| Name of publisher, distributor, etc. | s.n. |
| Date of publication, distribution, etc. | n.d. |
| 300 ## - PHYSICAL DESCRIPTION | |
| Extent | 1 map |
| Other physical details | cloth backed, rolled |
| Dimensions | 47 x 76 cm. |
| 500 ## - GENERAL NOTE | |
| General note | Map is in a very fragile condition, with losses where the paper has come away from the cloth backing. |
| 500 ## - GENERAL NOTE | |
| General note | Dedication reads: 'To...Parker, Earl of Macclesfield...the Royal Society etc...Lordships' most obedt. servant Tho. Milton'. Other information lost. |
| 651 4# - SUBJECT ADDED ENTRY--GEOGRAPHIC NAME | |
| Geographic name | Plymouth |
| 690 ## - LOCAL SUBJECT ADDED ENTRY--TOPICAL TERM (OCLC, RLIN) | |
| Topical term or geographic name as entry element | ENVIRONMENTAL AND LAND CONSULTANCY-GEOMATICS-MAPPING AND POSITIONING-CARTOGRAPHY |
| 942 ## - ADDED ENTRY ELEMENTS (KOHA) | |
| Suppress in OPAC | 0 |
| Withdrawn status | Lost status | Source of classification or shelving scheme | Damaged status | Not for loan | Home library | Current library | Shelving location | Date acquired | Total Checkouts | Full call number | Barcode | Date last seen | Copy number | Price effective from | Koha item type |
|---|---|---|---|---|---|---|---|---|---|---|---|---|---|---|---|
| Dewey Decimal Classification | Historic collection | Historic collection | Historic collection | 25/09/2007 | MAP CABINET DRAWER 5 | 140486-2001 | 06/08/2019 | 1 | 06/08/2019 | Archive |